000 00298nam a2200133Ia 4500
003 OSt
005 20231207100332.0
008 170524s9999 xx 000 0 und d
020 _a9788126516643
040 _cIIMT UNIVERSITY
100 _aWATSON KARLI
245 0 _aVISUAL C # 2008
942 _2ddc
_c02
999 _c4474
_d4474